[Event "Skopje MKD"]
[Site "Skopje MKD"]
[Date "2014.04.01"]
[Round "5.73"]
[White "Gjeorgjievski, Done"]
[Black "Tscharotschkin, Michael"]
[Result "1/2-1/2"]
[WhiteElo "1784"]
[BlackElo "2203"]
[PlyCount "89"]
[EventDate "2014.03.29"]
[EventType "swiss"]
[EventRounds "9"]

1. e4 c5 2. Nf3 Nc6 3. d4 cxd4 4. Nxd4 Nf6 5. Nc3 g6 6. Be3 Bg7 7. f3 O-O 8.
Qd2 d5 9. exd5 Nxd5 10. Nxd5 Qxd5 11. Nxc6 Qxc6 12. O-O-O Bf5 13. Kb1 Rac8 14.
Bd3 Rfd8 15. Qe2 Qf6 16. Bc1 h5 17. Bxf5 Qxf5 18. Rxd8+ Rxd8 19. Qxe7 Rd7 20.
Qg5 Qxg5 21. Bxg5 Rd5 22. Bf4 g5 23. Bc1 g4 24. fxg4 hxg4 25. c4 Rc5 26. b3 b5
27. cxb5 Rxb5 28. Bb2 Bxb2 29. Kxb2 Rf5 30. Rg1 Rh5 31. Rh1 f5 32. Kc3 Kg7 33.
Kd4 Kf6 34. b4 Rh8 35. a4 Rc8 36. Kd3 f4 37. Rf1 Kg5 38. b5 Rh8 39. Rh1 g3 40.
h3 f3 41. gxf3 Kf4 42. a5 g2 43. Rg1 Kxf3 44. Kc4 Rxh3 45. b6 1/2-1/2

[Event "Skopje MKD"]
[Site "Skopje MKD"]
[Date "2014.04.01"]
[Round "5.74"]
[White "Ilic, Ljubomir"]
[Black "Tairi, Krenar"]
[Result "1-0"]
[WhiteElo "2195"]
[BlackElo "1886"]
[PlyCount "77"]
[EventDate "2014.03.29"]
[EventType "swiss"]
[EventRounds "9"]

1. e4 c5 2. Nc3 Nc6 3. Bb5 e6 4. Bxc6 bxc6 5. d3 Ne7 6. Nf3 d5 7. O-O Ng6 8. b3
d4 9. Na4 Bd6 10. Ba3 Qe7 11. e5 Nxe5 12. Nxe5 Bxe5 13. Bxc5 Qc7 14. g3 h5 15.
f4 Bf6 16. Qe2 Bb7 17. Nb2 Ba6 18. Qe4 O-O-O 19. Nc4 Rd5 20. b4 h4 21. g4 h3
22. g5 Bxg5 23. fxg5 Rxg5+ 24. Kh1 Bxc4 25. dxc4 Rg2 26. Qf4 Qxf4 27. Rxf4 f6
28. Rxd4 Rxc2 29. a4 e5 30. Rd6 Rxc4 31. Rad1 Rg4 32. a5 Kb7 33. Rd7+ Kb8 34.
a6 Rc8 35. Rb7+ Ka8 36. Rxa7+ Kb8 37. Rb7+ Ka8 38. Rdd7 Rh8 39. Ra7+ 1-0

[Event "Skopje MKD"]
[Site "Skopje MKD"]
[Date "2014.04.01"]
[Round "5.75"]
[White "Megalios, Konstantinos"]
[Black "Citoler Serrat, Adriano"]
[Result "1-0"]
[WhiteElo "2192"]
[BlackElo "1871"]
[PlyCount "53"]
[EventDate "2014.03.29"]
[EventType "swiss"]
[EventRounds "9"]

1. e4 c5 2. Nc3 d6 3. f4 e6 4. Nf3 Nf6 5. Bb5+ Nbd7 6. a4 Be7 7. d3 O-O 8. O-O
a6 9. Bc4 h6 10. Qe1 Nb6 11. Bb3 d5 12. a5 d4 13. Ne2 Nbd7 14. Qg3 Kh8 15. Qh3
Nh7 16. Ng3 Ndf6 17. Bd2 e5 18. f5 Bd6 19. Nh5 Nxh5 20. Qxh5 Qf6 21. g4 g5 22.
h4 gxh4 23. Bxh6 Rg8 24. g5 Bxf5 25. exf5 Qxf5 26. Nxh4 Qd7 27. Rxf7 1-0

[Event "Skopje MKD"]
[Site "Skopje MKD"]
[Date "2014.04.01"]
[Round "5.76"]
[White "Karatrajkov, Nikola"]
[Black "Ketzetzis, Georgios"]
[Result "0-1"]
[WhiteElo "1766"]
[BlackElo "2183"]
[PlyCount "42"]
[EventDate "2014.03.29"]
[EventType "swiss"]
[EventRounds "9"]

1. c4 Nf6 2. Nc3 c6 3. Nf3 d5 4. Ne5 d4 5. Nb1 Nbd7 6. Nf3 e5 7. d3 Bc5 8. a3
a5 9. b3 O-O 10. g3 e4 11. dxe4 Nxe4 12. Bg2 d3 13. e3 Qf6 14. Ra2 d2+ 15. Bxd2
Ne5 16. h3 Nd3+ 17. Ke2 Ndxf2 18. Qe1 Nxh1 19. Bxh1 Bxh3 20. Bxa5 Rfe8 21. b4
Bd6 0-1

[Event "Skopje MKD"]
[Site "Skopje MKD"]
[Date "2014.04.01"]
[Round "5.77"]
[White "Peczely, Sebastian Zsombor"]
[Black "Injac, Teodora"]
[Result "1-0"]
[WhiteElo "2182"]
[BlackElo "1871"]
[PlyCount "67"]
[EventDate "2014.03.29"]
[EventType "swiss"]
[EventRounds "9"]

1. d4 Nf6 2. Nf3 g6 3. g3 c5 4. dxc5 Qa5+ 5. Nc3 Bg7 6. Bg2 Ne4 7. O-O Nxc3 8.
bxc3 Qxc3 9. Rb1 Qxc5 10. Be3 Qa5 11. Bd4 e5 12. Bb2 O-O 13. Qd6 Nc6 14. Ng5
Nd4 15. Bxd4 exd4 16. f4 Qf5 17. Bd5 Qf6 18. Ne4 Qf5 19. Rb5 h6 20. h3 h5 21.
h4 Qg4 22. Rf3 Qf5 23. a4 a6 24. Ra5 Kh8 25. Rd3 Re8 26. Ng5 Qf6 27. Nxf7+ Kh7
28. Qxf6 Bxf6 29. Nd6 Rxe2 30. Rc5 b6 31. Rxc8 Rxc8 32. Nxc8 Rxc2 33. Nxb6 Rc3
34. Be4 1-0

[Event "Skopje MKD"]
[Site "Skopje MKD"]
[Date "2014.04.01"]
[Round "5.78"]
[White "Jovchev, Riste"]
[Black "Glavinac, Goran"]
[Result "0-1"]
[WhiteElo "1749"]
[BlackElo "2164"]
[PlyCount "84"]
[EventDate "2014.03.29"]
[EventType "swiss"]
[EventRounds "9"]

1. e4 c5 2. Nf3 d6 3. d4 cxd4 4. Nxd4 Nf6 5. Nc3 a6 6. Be3 e5 7. Nb3 Be7 8. Be2
Be6 9. Bf3 O-O 10. O-O Nbd7 11. Qd2 Qc7 12. Rad1 b5 13. Nd5 Nxd5 14. exd5 Bf5
15. c3 Nb6 16. Be2 Nc4 17. Bxc4 bxc4 18. Nc1 Bf6 19. b3 a5 20. f4 Be4 21. fxe5
Bxe5 22. Bd4 f6 23. Qe3 Bg6 24. Ne2 cxb3 25. axb3 Bc2 26. Ra1 Bxb3 27. Bb6 Qc4
28. Bxa5 Qxd5 29. Bb4 Rfe8 30. Nf4 Qc6 31. Rxa8 Qxa8 32. Qf3 Bc4 33. Qxa8 Rxa8
34. Rf3 Kf7 35. Kf2 Ra2+ 36. Ke3 g5 37. Nd3 Bxd3 38. Kxd3 Rxg2 39. h3 Ke6 40.
c4 Rb2 41. Be1 f5 42. Rf2 Rb3+ 0-1

[Event "Skopje MKD"]
[Site "Skopje MKD"]
[Date "2014.04.01"]
[Round "5.79"]
[White "Kralevski, Aleksander"]
[Black "Emmanouilidis, Athanasios"]
[Result "1/2-1/2"]
[WhiteElo "2162"]
[BlackElo "1850"]
[PlyCount "62"]
[EventDate "2014.03.29"]
[EventType "swiss"]
[EventRounds "9"]

1. e4 c5 2. c3 Nf6 3. Bd3 d6 4. Nf3 Nc6 5. O-O e5 6. Re1 Be7 7. Bb5 Bd7 8. d4
cxd4 9. cxd4 O-O 10. Nc3 Bg4 11. Bxc6 Bxf3 12. Qxf3 bxc6 13. dxe5 dxe5 14. Be3
Qd6 15. a3 Qe6 16. Rac1 Ng4 17. Na4 Nxe3 18. Qxe3 Rfd8 19. h3 Rd4 20. Nc3 Rad8
21. Rc2 Qb3 22. Ree2 Bc5 23. Kh2 Rc4 24. Qc1 Bd4 25. Nd1 Rxc2 26. Qxc2 Qxc2 27.
Rxc2 c5 28. Kg3 Kf8 29. Kf3 Ke7 30. Ke2 Rb8 31. Kd2 Kd6 1/2-1/2

[Event "Skopje MKD"]
[Site "Skopje MKD"]
[Date "2014.04.01"]
[Round "5.80"]
[White "Petkovski, Vlatko"]
[Black "Aydin, Kaan Ayhan"]
[Result "1-0"]
[WhiteElo "2147"]
[BlackElo "1795"]
[PlyCount "65"]
[EventDate "2014.03.29"]
[EventType "swiss"]
[EventRounds "9"]

1. e4 e6 2. d4 d5 3. Nd2 Nf6 4. e5 Nfd7 5. f4 c5 6. c3 Nc6 7. Ndf3 Qb6 8. a3
Be7 9. Rb1 O-O 10. Bd3 f6 11. exf6 Nxf6 12. Ne2 Bd6 13. b4 cxd4 14. cxd4 Bd7
15. b5 Na5 16. O-O Nc4 17. Qb3 Rac8 18. Kh1 Kh8 19. Bc2 Ne4 20. Bxe4 dxe4 21.
Ng5 e3 22. Qd3 g6 23. Bxe3 Nxa3 24. d5 Bxb5 25. Bd4+ e5 26. Qh3 Qc7 27. fxe5
Bc5 28. Bxc5 Nxb1 29. Bxf8 Bxe2 30. Bd6 Bxf1 31. Bxc7 Rxc7 32. d6 Rc1 33. Qxh7#
1-0

[Event "Skopje MKD"]
[Site "Skopje MKD"]
[Date "2014.04.01"]
[Round "5.81"]
[White "Dancevski, Orce"]
[Black "Rykov, Ivan"]
[Result "1-0"]
[WhiteElo "2388"]
[BlackElo "1783"]
[PlyCount "81"]
[EventDate "2014.03.29"]
[EventType "swiss"]
[EventRounds "9"]

1. c4 e5 2. Nc3 d6 3. Nf3 f5 4. d4 e4 5. Ng5 Be7 6. h4 Nf6 7. e3 O-O 8. Bd2 Ng4
9. Nh3 Bxh4 10. Be2 Nh6 11. Qb3 c6 12. O-O-O Na6 13. g3 Bf6 14. Nf4 Qb6 15. Qc2
Nb4 16. Qb1 a5 17. a3 Na6 18. Qa2 Kh8 19. Rh2 Bg5 20. Rdh1 Bxf4 21. gxf4 Qd8
22. d5 Nc5 23. Nd1 Nd7 24. dxc6 bxc6 25. b3 Nf6 26. Bc3 Qe7 27. Nb2 c5 28. Na4
Ra6 29. Ba1 Bd7 30. Nc3 Bc6 31. a4 Kg8 32. Nb5 Kh8 33. Bc3 Bxb5 34. axb5 Raa8
35. Qa1 Kg8 36. Kc2 Qd8 37. Qg1 Kh8 38. Qg5 Qe7 39. Rxh6 gxh6 40. Rxh6 Qg7 41.
Rxf6 1-0

[Event "Skopje MKD"]
[Site "Skopje MKD"]
[Date "2014.04.01"]
[Round "5.82"]
[White "Nikolovski, Nikola"]
[Black "Dinev, Dejan"]
[Result "0-1"]
[WhiteElo "1996"]
[BlackElo "2342"]
[PlyCount "82"]
[EventDate "2014.03.29"]
[EventType "swiss"]
[EventRounds "9"]

1. e4 c5 2. Nf3 d6 3. d4 cxd4 4. Nxd4 Nf6 5. Nc3 a6 6. a4 e5 7. Nb3 Be6 8. Be2
Be7 9. O-O O-O 10. f4 exf4 11. Bxf4 Nc6 12. Kh1 Rc8 13. Qd2 Ne5 14. Rad1 Qb6
15. Nd5 Bxd5 16. exd5 Ne4 17. Qd4 Qxd4 18. Nxd4 g6 19. c3 Nc5 20. b3 Rfe8 21.
Bxe5 dxe5 22. Nf3 Bd6 23. Bc4 Nxa4 24. Nd2 Nxc3 25. Rc1 Na2 26. Ne4 Red8 27.
Ra1 Nb4 28. Ra4 Nc2 29. Rf6 Be7 30. Rb6 Rd7 31. h3 Ne3 32. d6 Bd8 33. Rab4 Nxc4
34. bxc4 f5 35. Rxb7 Rxb7 36. Rxb7 fxe4 37. c5 e3 38. d7 Rc7 39. Rb8 Rxd7 40.
c6 Rd1+ 41. Kh2 Kg7 0-1

[Event "Skopje MKD"]
[Site "Skopje MKD"]
[Date "2014.04.01"]
[Round "5.83"]
[White "Asani, Adem"]
[Black "Doncevic, Dario"]
[Result "0-1"]
[WhiteElo "1991"]
[BlackElo "2304"]
[PlyCount "62"]
[EventDate "2014.03.29"]
[EventType "swiss"]
[EventRounds "9"]

1. e4 c5 2. Nf3 Nc6 3. d4 cxd4 4. Nxd4 Nf6 5. Nc3 d6 6. Be3 Ng4 7. Bb5 Nxe3 8.
Nxc6 Nxd1 9. Nxd8+ Kxd8 10. Rxd1 a6 11. Bc4 e6 12. O-O b5 13. Bd3 Ke7 14. f4 g6
15. f5 Bg7 16. fxg6 hxg6 17. Rf3 Bd4+ 18. Kh1 Be5 19. h3 Bb7 20. Rdf1 Rh7 21.
Nd1 f5 22. Re3 f4 23. Re2 g5 24. c3 g4 25. Nf2 Rg8 26. a3 Rh4 27. Bb1 Bc6 28.
Rfe1 Be8 29. Rd2 Bh5 30. Bc2 gxh3 31. gxh3 Bf3+ 0-1

[Event "Skopje MKD"]
[Site "Skopje MKD"]
[Date "2014.04.01"]
[Round "5.84"]
[White "Cretnik, Urban"]
[Black "Maisuradze, Nino"]
[Result "1/2-1/2"]
[WhiteElo "1959"]
[BlackElo "2274"]
[PlyCount "163"]
[EventDate "2014.03.29"]
[EventType "swiss"]
[EventRounds "9"]

1. e4 c5 2. c3 d5 3. exd5 Qxd5 4. d4 g6 5. Nf3 Bg7 6. Na3 cxd4 7. Bc4 Qe4+ 8.
Be3 Nh6 9. Nb5 O-O 10. cxd4 Nc6 11. Nc3 Qg4 12. h3 Qd7 13. Bxh6 Bxh6 14. d5 Na5
15. Bb5 Qd6 16. O-O a6 17. Be2 Bf5 18. Nd4 Bd7 19. Bf3 Nc4 20. Qe2 Nd2 21. Rfe1
Rfe8 22. Rad1 e5 23. Nb3 Nxb3 24. axb3 f5 25. g3 Rac8 26. Bg2 e4 27. Bf1 b5 28.
f4 g5 29. fxg5 Qxg3+ 30. Qg2 Qxg2+ 31. Kxg2 Bxg5 32. d6 Re6 33. Kh1 Bc6 34. Bg2
Kf7 35. Rf1 Kg6 36. Ne2 Rd8 37. h4 Be3 38. Bh3 Re5 39. Kh2 Bd5 40. Rxf5 Rxf5
41. Bxf5+ Kxf5 42. Rxd5+ Ke6 43. Rh5 Rxd6 44. Nc3 Rd2+ 45. Kg3 h6 46. b4 Rd4
47. Nxe4 Rxb4 48. Nc5+ Kd6 49. Nxa6 Rxb2 50. Kf3 Rb3 51. Ke4 Bc1 52. Rf5 Re3+
53. Kd4 Rb3 54. Rd5+ Ke7 55. Nc7 Bb2+ 56. Ke4 b4 57. Rb5 Rh3 58. Rxb4 Rxh4+ 59.
Kf3 Rh2 60. Nd5+ Kf7 61. Rb7+ Kf8 62. Nf4 Rc2 63. Kg4 Kg8 64. Rb8+ Kh7 65. Rb7+
Kg8 66. Rb8+ Kf7 67. Rb7+ Ke8 68. Rb8+ Kd7 69. Rb6 Be5 70. Kf5 Bd6 71. Nh5 Kc7
72. Ra6 Rg2 73. Ke6 Re2+ 74. Kf5 Rg2 75. Ke6 Rg5 76. Rxd6 Rxh5 77. Rd5 Rh1 78.
Kf5 Rg1 79. Rd3 Rg5+ 80. Kf4 Rg6 81. Kf5 Ra6 82. Kg4 1/2-1/2

[Event "Skopje MKD"]
[Site "Skopje MKD"]
[Date "2014.04.01"]
[Round "5.85"]
[White "Halmeenmaki, Tuomo"]
[Black "Taylor, Robert Graham"]
[Result "1-0"]
[WhiteElo "2177"]
[BlackElo "1945"]
[PlyCount "95"]
[EventDate "2014.03.29"]
[EventType "swiss"]
[EventRounds "9"]

1. Nf3 Nf6 2. g3 g6 3. Bg2 Bg7 4. O-O O-O 5. d3 d5 6. Nbd2 c5 7. e4 Nc6 8. c3
e5 9. Qb3 d4 10. cxd4 cxd4 11. Nc4 Nd7 12. a4 a5 13. Bd2 Nc5 14. Qa3 Na6 15.
Rfc1 Re8 16. Qd6 Nab4 17. Qxd8 Rxd8 18. Nb6 Rb8 19. Nxc8 Rbxc8 20. Ne1 Na6 21.
Bh3 Rb8 22. Rc4 Bf6 23. Rac1 Be7 24. Kf1 Kg7 25. Ke2 Bb4 26. Nc2 Bxd2 27. Kxd2
Na7 28. b4 b5 29. axb5 Rxb5 30. Ra1 Rdb8 31. Rxa5 Rxa5 32. bxa5 Rb5 33. f4 Rxa5
34. fxe5 Rxe5 35. Ra4 Nc5 36. Rxa7 Rh5 37. Bg2 Rxh2 38. Ne1 h5 39. Ke2 h4 40.
gxh4 Rxh4 41. Kf2 Rf4+ 42. Kg3 Rf6 43. Rc7 Nb3 44. e5 Re6 45. Bd5 Rxe5 46. Bxb3
Rxe1 47. Rxf7+ Kh6 48. Bc4 1-0

[Event "Skopje MKD"]
[Site "Skopje MKD"]
[Date "2014.04.01"]
[Round "5.86"]
[White "Brzezinski, Adam"]
[Black "Jorgensen, Line Jin"]
[Result "0-1"]
[WhiteElo "2165"]
[BlackElo "1923"]
[PlyCount "96"]
[EventDate "2014.03.29"]
[EventType "swiss"]
[EventRounds "9"]

1. Nf3 d5 2. c4 e6 3. g3 Nf6 4. Bg2 c6 5. O-O Nbd7 6. d4 Bd6 7. Qc2 Ne4 8. b3
f5 9. Ba3 Bxa3 10. Nxa3 O-O 11. Rac1 Qe7 12. Nb1 Kh8 13. Ne5 Nxe5 14. dxe5 Qc7
15. f3 Ng5 16. f4 Ne4 17. Bxe4 fxe4 18. Nc3 Qb6+ 19. Kg2 Bd7 20. Qd2 Rae8 21.
Na4 Qd8 22. Nc5 Bc8 23. Rfd1 Qe7 24. Na4 Rd8 25. Qc3 Qf7 26. e3 Kg8 27. Nb2 Qf5
28. b4 Bd7 29. Qe1 g5 30. h3 Kh8 31. Kh2 Be8 32. Qf2 Qg6 33. Rf1 Qh6 34. cxd5
cxd5 35. Qg2 Bc6 36. Qe2 gxf4 37. gxf4 d4 38. exd4 Rxd4 39. Qe3 Rxb4 40. Rf2
Bd5 41. Rg1 Bxa2 42. Qg3 e3 43. Qxe3 Rb3 44. Nd3 Bb1 45. Rxb1 Rxb1 46. Rg2 b6
47. Qd4 Rd1 48. Rg4 Rh1+ 0-1

[Event "Skopje MKD"]
[Site "Skopje MKD"]
[Date "2014.04.01"]
[Round "5.87"]
[White "Angjelovski, Daniel"]
[Black "Kacakovski, Dimitar"]
[Result "0-1"]
[WhiteElo "1913"]
[BlackElo "2143"]
[PlyCount "32"]
[EventDate "2014.03.29"]
[EventType "swiss"]
[EventRounds "9"]

1. e4 e5 2. Nf3 Nc6 3. Bb5 a6 4. Ba4 Nf6 5. O-O Nxe4 6. d4 b5 7. Bb3 d5 8. dxe5
Be6 9. Bf4 g5 10. Be3 g4 11. Nd4 Nxe5 12. Nxe6 fxe6 13. Bd4 Qg5 14. Nc3 Nf3+
15. Kh1 Qh6 16. gxf3 Bd6 0-1

[Event "Skopje MKD"]
[Site "Skopje MKD"]
[Date "2014.04.01"]
[Round "5.88"]
[White "Velikic, Adela"]
[Black "Peev, Kosta"]
[Result "1-0"]
[WhiteElo "2078"]
[BlackElo "1786"]
[PlyCount "67"]
[EventDate "2014.03.29"]
[EventType "swiss"]
[EventRounds "9"]

1. e4 c5 2. Nf3 Nc6 3. d4 cxd4 4. Nxd4 g6 5. Nc3 Bg7 6. Be3 Nf6 7. Bc4 O-O 8.
Bb3 a5 9. f3 d5 10. Bxd5 Nxd5 11. exd5 Nb4 12. Nde2 Bf5 13. Rc1 Rc8 14. a3
Nxc2+ 15. Rxc2 Bxc2 16. Qxc2 Qxd5 17. Qxg6 hxg6 18. Nxd5 Rc2 19. Kf2 e6 20.
Ndc3 Rxb2 21. Ne4 Ra2 22. Rb1 Rc8 23. Rxb7 Rcc2 24. Rb8+ Bf8 25. N4g3 Kg7 26.
Bd4+ f6 27. Bxf6+ Kf7 28. Be5 Bc5+ 29. Kf1 Rxa3 30. Rb7+ Ke8 31. Ne4 Bb4 32.
Nf4 Re3 33. Nf6+ Kd8 34. Nxe6+ 1-0

[Event "Skopje MKD"]
[Site "Skopje MKD"]
[Date "2014.04.01"]
[Round "5.89"]
[White "Golubovic, Tomislav"]
[Black "Logallo, Claudio"]
[Result "0-1"]
[WhiteElo "1855"]
[BlackElo "2074"]
[PlyCount "82"]
[EventDate "2014.03.29"]
[EventType "swiss"]
[EventRounds "9"]

1. e4 c5 2. Nf3 d6 3. d4 cxd4 4. Nxd4 Nf6 5. Nc3 a6 6. Be2 e5 7. Nb3 Be7 8. Be3
Be6 9. Qd2 Nbd7 10. O-O O-O 11. Rad1 Rc8 12. f3 Qc7 13. Bd3 Rfe8 14. Qf2 b5 15.
Ne2 d5 16. exd5 Nxd5 17. Kh1 Nxe3 18. Qxe3 Nc5 19. Nxc5 Qxc5 20. Qxc5 Bxc5 21.
b3 Bb4 22. Ng3 h6 23. Ne4 f5 24. Nd2 Red8 25. Nb1 Kf7 26. a3 Ba5 27. b4 Bb6 28.
Rde1 Kf6 29. Re2 Bd4 30. Rfe1 Ba2 31. Nd2 Bc3 32. Rd1 Bf7 33. g3 h5 34. h3 g5
35. Nb1 Bd4 36. Rde1 Bd5 37. Kg2 g4 38. hxg4 hxg4 39. Nd2 Bc3 40. Rf1 Bxd2 41.
Rxd2 Bxf3+ 0-1

[Event "Skopje MKD"]
[Site "Skopje MKD"]
[Date "2014.04.01"]
[Round "5.90"]
[White "Can, Isik"]
[Black "Milutinovic, Stefana"]
[Result "0-1"]
[WhiteElo "1762"]
[BlackElo "2048"]
[PlyCount "108"]
[EventDate "2014.03.29"]
[EventType "swiss"]
[EventRounds "9"]

1. e4 c5 2. Nf3 d6 3. d4 cxd4 4. Nxd4 Nf6 5. Nc3 a6 6. Bg5 e6 7. f4 h6 8. Bh4
Qb6 9. Qd3 Qxb2 10. Rb1 Qa3 11. f5 Be7 12. Be2 Nxe4 13. Nxe4 Bxh4+ 14. g3 Qxd3
15. Nxd6+ Kd7 16. Bxd3 Kxd6 17. gxh4 exf5 18. Nxf5+ Bxf5 19. Bxf5 g6 20. Bd3
Re8+ 21. Kd2 Re7 22. Rhe1 Rxe1 23. Kxe1 Kc7 24. Bc4 f6 25. Bd3 g5 26. hxg5 hxg5
27. h4 Nc6 28. hxg5 Re8+ 29. Kd2 fxg5 30. Rg1 Ne5 31. Kc3 g4 32. Rg3 Rh8 33.
Bf5 Rh5 34. Be6 Kd6 35. Bc8 Rh7 36. Bf5 Rc7+ 37. Kd2 Rc4 38. c3 Ra4 39. Kc1 Rf4
40. Bc8 Kc7 41. Be6 b6 42. Bd5 Kd6 43. Bb7 a5 44. Kc2 Kc5 45. Bc8 b5 46. Re3
Nc4 47. Rg3 Ne5 48. Re3 Rf2+ 49. Kb1 Nc4 50. Rg3 Rf1+ 51. Kc2 Rf2+ 52. Kb1 Rf3
53. Rg1 g3 54. Kc2 g2 0-1

[Event "Skopje MKD"]
[Site "Skopje MKD"]
[Date "2014.04.01"]
[Round "5.91"]
[White "Spelec, Darko"]
[Black "Uzumcu, Ahmet Utku"]
[Result "0-1"]
[WhiteElo "2033"]
[BlackElo "1681"]
[PlyCount "52"]
[EventDate "2014.03.29"]
[EventType "swiss"]
[EventRounds "9"]

1. a3 g6 2. c4 Nf6 3. g3 d5 4. cxd5 Nxd5 5. Bg2 Nb6 6. Nc3 Bg7 7. Nf3 O-O 8.
O-O Nc6 9. d3 Re8 10. Rb1 h6 11. Qc2 Bg4 12. Be3 e5 13. Qd2 Kh7 14. Rfc1 f5 15.
h3 Bh5 16. Nh2 g5 17. Bxb6 axb6 18. g4 Bg6 19. b4 e4 20. b5 Na5 21. Qa2 exd3
22. Nd5 Rxe2 23. Qxe2 dxe2 24. Rxc7 Rc8 25. Re7 Rc5 26. gxf5 Bxf5 0-1

[Event "Skopje MKD"]
[Site "Skopje MKD"]
[Date "2014.04.01"]
[Round "5.92"]
[White "Minko, Dmitry"]
[Black "Zekaj, Dritan"]
[Result "0-1"]
[WhiteElo "1703"]
[BlackElo "2031"]
[PlyCount "107"]
[EventDate "2014.03.29"]
[EventType "swiss"]
[EventRounds "9"]

1. e4 d5 2. exd5 Qxd5 3. Nc3 Qa5 4. d4 Nf6 5. Bd2 c6 6. Nf3 Bf5 7. Bc4 e6 8.
Qe2 Bb4 9. Ne5 Nbd7 10. Nxd7 Nxd7 11. a3 Nf6 12. Rd1 Bxc3 13. Bxc3 Qc7 14. Bd3
Bg6 15. Qe5 Qxe5+ 16. dxe5 Nd5 17. Bxg6 hxg6 18. Bd2 O-O-O 19. f4 Rd7 20. Ke2
Rhd8 21. b3 b5 22. h4 c5 23. c3 Kb7 24. g3 Kc6 25. Rhg1 c4 26. b4 a6 27. Rgf1
Nb6 28. Bc1 Na4 29. Rxd7 Rxd7 30. Rf3 a5 31. Re3 axb4 32. axb4 Ra7 33. Rf3 Nb6
34. Bd2 Ra2 35. Rf1 Nd5 36. Rc1 Nb6 37. Rf1 Na4 38. Rc1 Kd5 39. Ke3 Ra3 40. Be1
Nb2 41. Bd2 Nd3 42. Rb1 Ra2 43. Rd1 Ra3 44. Rb1 f6 45. exf6 gxf6 46. g4 e5 47.
f5 gxf5 48. gxf5 e4 49. Rg1 Nxb4 50. Kf4 Nd3+ 51. Ke3 Ne5 52. h5 b4 53. Rd1
Ng4+ 54. Ke2 0-1

[Event "Skopje MKD"]
[Site "Skopje MKD"]
[Date "2014.04.01"]
[Round "5.93"]
[White "Veljanoski, Andrej"]
[Black "Van der Merwe, Cecile Henriette"]
[Result "0-1"]
[WhiteElo "1531"]
[BlackElo "2026"]
[PlyCount "70"]
[EventDate "2014.03.29"]
[EventType "swiss"]
[EventRounds "9"]

1. e4 c5 2. Nf3 Nc6 3. d4 cxd4 4. Nxd4 g6 5. Be3 Nf6 6. Nc3 Bg7 7. Qd2 Ng4 8.
Bc4 Nxe3 9. fxe3 O-O 10. O-O-O d6 11. Rdf1 Ne5 12. Bb3 Bd7 13. Nf3 b5 14. Qd5
Bc6 15. Qd1 Nc4 16. Bxc4 bxc4 17. Nd4 Qb6 18. Nxc6 Qxc6 19. Qd5 Qb6 20. Rxf7
Qxe3+ 21. Kd1 Rxf7 22. Qxa8+ Rf8 23. Qd5+ Kh8 24. Re1 Qf4 25. Qxc4 Bh6 26. Qd4+
e5 27. Qd3 Qc1+ 28. Ke2 Qg5 29. Kd1 Rf2 30. Ne2 Qxg2 31. h4 Rf1 32. Ng3 Rf3 33.
Qxd6 Qxg3 34. Qb8+ Rf8 35. Qxa7 Rd8+ 0-1

[Event "Skopje MKD"]
[Site "Skopje MKD"]
[Date "2014.04.01"]
[Round "5.98"]
[White "Westerberg, Jonathan"]
[Black "Peczely, Gyorgy"]
[Result "1-0"]
[WhiteElo "2402"]
[BlackElo "1832"]
[PlyCount "33"]
[EventDate "2014.03.29"]
[EventType "swiss"]
[EventRounds "9"]

1. e4 e6 2. Nf3 d5 3. e5 c5 4. b4 Bd7 5. bxc5 Bxc5 6. d4 Be7 7. Bd3 Nc6 8. c3
Rc8 9. h4 Na5 10. Ng5 f5 11. exf6 Nxf6 12. Bxh7 Qb6 13. Bg6+ Kf8 14. Nf7 Rg8
15. Ne5 Be8 16. Qf3 Bxg6 17. Nd7+ 1-0

[Event "Skopje MKD"]
[Site "Skopje MKD"]
[Date "2014.04.01"]
[Round "5.99"]
[White "Codenotti, Marco"]
[Black "Ajrula, Adnan"]
[Result "1-0"]
[WhiteElo "2362"]
[BlackElo "1872"]
[PlyCount "77"]
[EventDate "2014.03.29"]
[EventType "swiss"]
[EventRounds "9"]

1. e4 d5 2. exd5 Qxd5 3. d4 c6 4. Nc3 Qd8 5. Bc4 Nf6 6. Nge2 Bg4 7. f3 Bh5 8.
Nf4 e6 9. g4 Bg6 10. h4 h5 11. Nxg6 fxg6 12. Bxe6 Qd6 13. Qe2 Be7 14. Bg5 Nbd7
15. O-O-O O-O-O 16. d5 Nxd5 17. Nxd5 Bxg5+ 18. hxg5 cxd5 19. Rxd5 Qc7 20. Rhd1
Kb8 21. Rxd7 Rxd7 22. Rxd7 Qb6 23. Qe5+ Ka8 24. Qd4 Qa5 25. Bd5 Qe1+ 26. Qd1
Qe3+ 27. Kb1 Rb8 28. Be4 Qb6 29. gxh5 gxh5 30. a4 h4 31. Rxg7 h3 32. Rh7 h2 33.
Rxh2 Rd8 34. Rd2 Rh8 35. Rd7 Rb8 36. g6 a5 37. g7 Qb4 38. Qd5 Qb6 39. Rxb7 1-0

[Event "Skopje MKD"]
[Site "Skopje MKD"]
[Date "2014.04.01"]
[Round "5.100"]
[White "Konstantinov, Aleksandar"]
[Black "Thiel, Kuno"]
[Result "1/2-1/2"]
[WhiteElo "1828"]
[BlackElo "2168"]
[PlyCount "85"]
[EventDate "2014.03.29"]
[EventType "swiss"]
[EventRounds "9"]

1. d4 Nf6 2. c4 e6 3. Nc3 Bb4 4. e3 c5 5. Nge2 b6 6. a3 Bxc3+ 7. Nxc3 O-O 8. g3
Bb7 9. d5 b5 10. Nxb5 exd5 11. Bg2 Bc6 12. O-O Qb6 13. Nd6 d4 14. e4 Na6 15.
Bg5 Ne8 16. Nf5 f6 17. Ne7+ Kh8 18. Bf4 Rf7 19. Nxc6 dxc6 20. Qh5 Kg8 21. Qf3
Rd8 22. Rab1 Nd6 23. Bxd6 Rxd6 24. Qf4 Rd8 25. e5 Qc7 26. e6 Re7 27. Qe4 Rd6
28. Bh3 g6 29. Rbe1 d3 30. Qh4 Kg7 31. Qf4 Rd4 32. Qd2 Qd6 33. b3 Nc7 34. Qa5
d2 35. Rd1 Nxe6 36. Bxe6 Rxe6 37. Qxa7+ Re7 38. Qa5 Rd3 39. b4 cxb4 40. axb4
Rb3 41. b5 cxb5 42. cxb5 Qc5 43. Qxd2 1/2-1/2

[Event "Skopje MKD"]
[Site "Skopje MKD"]
[Date "2014.04.01"]
[Round "5.101"]
[White "Krstev, Emil"]
[Black "Arda, Cagil Irmak"]
[Result "0-1"]
[WhiteElo "2156"]
[BlackElo "1753"]
[PlyCount "80"]
[EventDate "2014.03.29"]
[EventType "swiss"]
[EventRounds "9"]

1. f4 Nf6 2. Nf3 e6 3. d4 b6 4. e3 Bb7 5. Bd3 c5 6. c3 Nc6 7. O-O Be7 8. Nbd2
d5 9. b3 O-O 10. a4 Qc8 11. Ne5 Nd7 12. Rf3 h6 13. Rg3 Ncxe5 14. fxe5 Kh8 15.
Qg4 Rg8 16. Qh5 Qe8 17. Qh3 Nf8 18. e4 Nh7 19. exd5 Ng5 20. Qh5 Bxd5 21. h4 Nh7
22. c4 Bc6 23. Nf1 f5 24. Qe2 cxd4 25. h5 Ng5 26. Nd2 Rf8 27. Ba3 Bxa3 28. Rxa3
f4 29. Rxg5 f3 30. Nxf3 Bxf3 31. gxf3 hxg5 32. Qe4 Qxh5 33. Kg2 Rad8 34. Ra1
Rf4 35. Qc6 Rh4 36. Rg1 Rh2+ 37. Kf1 Qh3+ 38. Ke1 Qh4+ 39. Kd1 Qf2 40. Be2
Qxe2+ 0-1

[Event "Skopje MKD"]
[Site "Skopje MKD"]
[Date "2014.04.01"]
[Round "5.102"]
[White "Pastar, Slaven"]
[Black "Zhezhov, Emil"]
[Result "1-0"]
[WhiteElo "2152"]
[BlackElo "1746"]
[PlyCount "111"]
[EventDate "2014.03.29"]
[EventType "swiss"]
[EventRounds "9"]

1. g3 f5 2. Bg2 Nf6 3. Nf3 e6 4. O-O d5 5. b3 c6 6. Bb2 Bd6 7. d3 O-O 8. Nbd2
Qc7 9. e4 e5 10. Re1 fxe4 11. dxe4 Bg4 12. h3 Bxf3 13. Bxf3 Nbd7 14. Qe2 Rae8
15. Rad1 a6 16. Kg2 b5 17. g4 Nb6 18. g5 Nfd7 19. Nf1 d4 20. Ng3 Nc5 21. Bg4
Ne6 22. Bc1 g6 23. Bxe6+ Rxe6 24. Qg4 Qf7 25. Re2 Re7 26. h4 Na8 27. h5 Nc7 28.
Rh1 Ne6 29. hxg6 hxg6 30. f3 Nf4+ 31. Bxf4 exf4 32. Nf1 Be5 33. Kg1 c5 34. Reh2
c4 35. Qh4 Qg7 36. Qe1 Qf7 37. bxc4 bxc4 38. Qa5 Qe6 39. Nd2 d3 40. c3 Bg7 41.
Kf2 Rb8 42. Re1 Rb5 43. Qd8+ Kf7 44. Rh4 Rxg5 45. Rxf4+ Rf5 46. Rh4 Bxc3 47.
Rh7+ Bg7 48. Qh8 Qb6+ 49. Kf1 Qf6 50. exf5 Rxe1+ 51. Kxe1 Qa1+ 52. Kf2 Qd4+ 53.
Kg2 gxf5 54. Rxg7+ Qxg7+ 55. Qxg7+ Kxg7 56. Nxc4 1-0